Biblia Sväté písmo Starého a Nového zákona

Podrobná bibliografia
Ďalší autori: Heriban, Jozef, 1925-2009 (Autor úvodu atď.)
Médium: Kniha
Jazyk:slovenčina
neznámy jazyk
Fyzický popis:1879 strán 16 cm
Vydavateľské údaje: Trnava Spolok svätého Vojtecha 2018
ISBN:9788081613289
Predmet:

MARC

LEADER 00000cam a2200000 4500
001 vtls011835885
003 SK-MaSNL
005 20260301100711.0
008 201207s2018 xo gr 000 0 slo
015 |a SNBA2019/07 
020 |a 9788081613289  |q (viazané) 
035 |a 5B6824D2-12C0-4942-AC17-A3F422A3CBC9 
035 |a urn:nbn:sk:snk-am3ias0 
035 |a urn:nbn:sk:snk-am00d7ps 
040 |a SNK  |b slo  |c SNK  |e rda 
041 1 |a slo  |h und 
044 |a xo  |c SK 
072 7 |a 2-23/-27  |x Biblia. Biblistika  |2 konspekt 
080 |a 27-23  |2 2011 
080 |a 27-232/-236  |2 2011 
080 |a (0:82-9)  |2 2011 
130 0 |a Biblia  |l Slovensky  |9 96920 
245 0 0 |a Biblia  |b Sväté písmo Starého a Nového zákona  |c úvod k jednotlivým spisom a poznámky Jozef Heriban 
246 3 4 |a Biblia  |b Starý a Nový zákon 
246 3 6 |a Svätovojtešská Biblia 
246 3 0 |a Sväté písmo Starého a Nového zákona 
264 1 |a Trnava  |b Spolok svätého Vojtecha  |c 2018 
300 |a 1879 strán  |c 16 cm 
336 |a text  |b txt  |2 rdacontent 
337 |a bez média  |b n  |2 rdamedia 
338 |a zväzok  |b nc  |2 rdacarrier 
500 |a Zoznam biblických kníh a ich značky, ostatné skratky 
630 0 7 |a Biblia  |2 SNKPHunif  |9 17043 
630 0 7 |a Bible  |2 SNKPHeng  |9 276267 
650 0 7 |a biblické texty  |2 SNKPH  |9 1917 
650 0 7 |a biblické preklady  |2 SNKPH  |9 66591 
650 0 7 |a Biblical texts  |2 SNKPHeng  |9 265584 
650 0 7 |a Biblical translations  |2 SNKPHeng  |9 302901 
655 7 |a texty  |2 SNKPH  |9 70511 
655 7 |a Texts  |2 SNKPHeng  |9 302902 
700 1 |a Heriban, Jozef,  |d 1925-2009  |4 aui  |9 27006 
787 0 8 |i Preklad podľa:  |t Písmo sväté Starého zákona  |d Trnava : Spolok sv. Vojtecha, 1955 
787 0 8 |i Preklad podľa:  |t Sväté písmo. Nový zákon  |d Trnava : Spolok sv. Vojtecha, 1989 
852 |a Štátna vedecká knižnica v Banskej Bystrici 
919 |a 978-80-8161-328-9 
958 |a OP 
958 |a NT 
999 |c 687098  |d 689028 
952 |a SNK  |b SNK  |y PREZ  |7 0  |p 17A1373591  |o snkSD 88312  |i snk2019/16715  |8 0  |0 0  |1 0  |4 0  |d 2019-06-19  |f 1  |l 0  |r 2026-02-23 20:15:56  |w 2026-02-23 
952 |a SNK  |b SNK  |y VYP  |7 0  |p 17A1373592  |o snkSD 88312 D1  |i snk2019/16716  |8 0  |0 0  |1 0  |4 0  |d 2019-06-19  |l 0  |r 2026-02-23 20:15:56  |w 2026-02-23